[Event "DVM U16 2022"]
[Site "Darmstadt GER"]
[Date "2022.12.28"]
[Round "3"]
[White "Morgenthaler, Nick"]
[Black "Günther, Arthur"]
[Result "0-1"]
[Termination "normal"]
[Board "8.2"]
[WhiteElo "1320"]
[BlackElo "1633"]
[WhiteClock "00:30:09"]
[BlackClock "00:29:57"]
[WhiteTeam "SK Frankenthal"]
[BlackTeam "SSV Vimaria 91 Weimar"]
[PlyCount "88"]
[WhiteFideId "16286138"]
[BlackFideId "16230078"]
[EventCountry "GER"]
[EventRounds "7"]
[EventType "team-swiss"]
[EventDate "2022.12.26"]

1. d4 {[%clk 1:30:57]} d5 {[%clk 1:30:55]} 2. c4 {[%clk 1:30:36]} e6 {[%clk
1:31:16]} 3. Nf3 {[%clk 1:30:59]} f5 {[%clk 1:31:26]} 4. h4 {[%clk 1:30:41]}
Nf6 {[%clk 1:31:17]} 5. h5 {[%clk 1:29:41]} h6 {[%clk 1:31:14]} 6. Ne5 {[%clk
1:29:43]} Bb4 {[%clk 1:24:51]} 7. Bd2 {[%clk 1:28:26]} Bxd2 {[%clk 1:24:56]} 8.
Nxd2 {[%clk 1:28:42]} O-O {[%clk 1:25:08]} 9. e3 {[%clk 1:28:32]} Nbd7 {[%clk
1:24:29]} 10. Ng6 {[%clk 1:27:56]} Re8 {[%clk 1:24:41]} 11. Nf3 {[%clk
1:27:10]} Ne4 {[%clk 1:23:42]} 12. Bd3 {[%clk 1:25:02]} b6 {[%clk 1:22:01]} 13.
Qb3 {[%clk 1:24:19]} Bb7 {[%clk 1:21:33]} 14. c5 {[%clk 1:21:48]} Rb8 {[%clk
1:20:21]} 15. cxb6 {[%clk 1:20:12]} cxb6 {[%clk 1:19:43]} 16. Nfe5 {[%clk
1:18:43]} Nxe5 {[%clk 1:17:26]} 17. Nxe5 {[%clk 1:17:36]} Rc8 {[%clk 1:16:34]}
18. f3 {[%clk 1:15:17]} Nf6 {[%clk 1:15:53]} 19. Ng6 {[%clk 1:06:07]} Qc7
{[%clk 1:07:51]} 20. Kf2 {[%clk 0:54:54]} Qf7 {[%clk 1:03:14]} 21. Ne5 {[%clk
0:53:32]} Qe7 {[%clk 0:59:49]} 22. Qa4 {[%clk 0:52:21]} Ba8 {[%clk 0:57:30]}
23. Bb5 {[%clk 0:51:59]} Red8 {[%clk 0:57:45]} 24. a3 {[%clk 0:41:06]} Rc7
{[%clk 0:54:46]} 25. Ke2 {[%clk 0:36:32]} Rdc8 {[%clk 0:52:36]} 26. Rad1 {[%clk
0:31:32]} Nh7 {[%clk 0:33:31]} 27. Rd2 {[%clk 0:29:52]} Qg5 {[%clk 0:32:23]}
28. g4 {[%clk 0:26:06]} fxg4 {[%clk 0:27:14]} 29. Nxg4 {[%clk 0:18:28]} Nf6
{[%clk 0:21:58]} 30. Rg1 {[%clk 0:16:58]} Nxg4 {[%clk 0:09:52]} 31. Rxg4 {[%clk
0:15:06]} Qxh5 {[%clk 0:09:56]} 32. Bd7 {[%clk 0:15:20]} Rf8 {[%clk 0:09:55]}
33. Bxe6 {[%clk 0:15:42]} Kh8 {[%clk 0:09:46]} 34. Qb4 {[%clk 0:11:43]} Qe8
{[%clk 0:06:33]} 35. Qd6 {[%clk 0:11:24]} Re7 {[%clk 0:06:48]} 36. Bxd5 {[%clk
0:10:11]} Bxd5 {[%clk 0:06:43]} 37. Qxd5 {[%clk 0:08:42]} Rxe3 {[%clk 0:07:09]}
38. Kd1 {[%clk 0:02:43]} Rexf3 {[%clk 0:04:09]} 39. Qc4 {[%clk 0:00:42]} Rf1
{[%clk 0:02:20]} 40. Kc2 {[%clk 0:01:05]} Qd7 {[%clk 0:01:41]} 41. Qe2 {[%clk
0:00:38]} Rc8 {[%clk 0:01:34]} 42. Kd3 {[%clk 0:30:13]} Qb5 {[%clk 0:29:08]}
43. Ke3 {[%clk 0:30:23]} Re8 {[%clk 0:29:29]} 44. Re4 {[%clk 0:30:09]} Qb3
{[%clk 0:29:57]} 0-1

[Event "DVM U16 2022"]
[Site "Darmstadt GER"]
[Date "2022.12.28"]
[Round "3"]
[White "Stadelmann, Constantin"]
[Black "Schreidl, Michael"]
[Result "0-1"]
[Termination "normal"]
[Board "8.3"]
[WhiteElo "1352"]
[BlackElo "1713"]
[WhiteClock "00:26:29"]
[BlackClock "00:14:16"]
[WhiteTeam "SSV Vimaria 91 Weimar"]
[BlackTeam "SK Frankenthal"]
[PlyCount "66"]
[WhiteFideId "16297970"]
[BlackFideId "16265750"]
[EventCountry "GER"]
[EventRounds "7"]
[EventType "team-swiss"]
[EventDate "2022.12.26"]

1. d4 {[%clk 1:30:59]} d5 {[%clk 1:30:54]} 2. Nf3 {[%clk 1:31:24]} Nf6 {[%clk
1:31:18]} 3. e3 {[%clk 1:31:51]} e6 {[%clk 1:31:43]} 4. Bd3 {[%clk 1:32:16]}
Be7 {[%clk 1:31:56]} 5. O-O {[%clk 1:32:40]} O-O {[%clk 1:32:09]} 6. b3 {[%clk
1:33:07]} Nbd7 {[%clk 1:31:12]} 7. Bb2 {[%clk 1:33:28]} c6 {[%clk 1:28:35]} 8.
Nbd2 {[%clk 1:32:32]} Qc7 {[%clk 1:27:19]} 9. Ne5 {[%clk 1:32:12]} Nxe5 {[%clk
1:19:31]} 10. dxe5 {[%clk 1:32:31]} Nd7 {[%clk 1:15:55]} 11. f4 {[%clk
1:29:45]} g6 {[%clk 1:03:38]} 12. Nf3 {[%clk 1:25:51]} f5 {[%clk 1:01:20]} 13.
Rc1 {[%clk 1:22:13]} a5 {[%clk 0:55:29]} 14. c4 {[%clk 1:21:08]} dxc4 {[%clk
0:45:36]} 15. Bxc4 {[%clk 1:20:42]} Nc5 {[%clk 0:43:53]} 16. Nd4 {[%clk
1:16:47]} b5 {[%clk 0:38:50]} 17. Be2 {[%clk 1:15:00]} Qb6 {[%clk 0:31:05]} 18.
a3 {[%clk 1:13:47]} b4 {[%clk 0:29:52]} 19. a4 {[%clk 1:14:07]} Kf7 {[%clk
0:28:45]} 20. Bf3 {[%clk 1:12:27]} Bb7 {[%clk 0:27:18]} 21. Rf2 {[%clk
1:11:33]} Rfd8 {[%clk 0:25:26]} 22. Rd2 {[%clk 1:07:25]} Rac8 {[%clk 0:24:06]}
23. Rcc2 {[%clk 0:49:23]} Nxb3 {[%clk 0:21:38]} 24. Rd3 {[%clk 0:44:15]} Nc5
{[%clk 0:20:13]} 25. Rdd2 {[%clk 0:43:49]} Nxa4 {[%clk 0:18:24]} 26. Qe2 {[%clk
0:31:58]} Ba6 {[%clk 0:16:20]} 27. Qe1 {[%clk 0:31:38]} c5 {[%clk 0:16:10]} 28.
Ne2 {[%clk 0:28:57]} Nxb2 {[%clk 0:16:01]} 29. Rxb2 {[%clk 0:29:18]} c4 {[%clk
0:16:25]} 30. Rxd8 {[%clk 0:28:00]} Qxe3 {[%clk 0:16:45]} 31. Kf1 {[%clk
0:28:06]} Rxd8 {[%clk 0:17:05]} 32. Ra2 {[%clk 0:27:59]} b3 {[%clk 0:14:09]}
33. Rxa5 {[%clk 0:26:29]} Bb4 {[%clk 0:14:16]} 0-1

[Event "DVM U16 2022"]
[Site "Darmstadt GER"]
[Date "2022.12.28"]
[Round "3"]
[White "Goldinov, Daniel"]
[Black "Lichtinger, Simon"]
[Result "1-0"]
[Termination "normal"]
[Board "9.1"]
[WhiteElo "1687"]
[BlackElo "1517"]
[WhiteClock "00:00:31"]
[BlackClock "00:13:24"]
[WhiteTeam "Stuttgarter SF 1879"]
[BlackTeam "FC Ergolding 1932 e.V."]
[PlyCount "79"]
[WhiteFideId "34605649"]
[BlackFideId "16230442"]
[EventCountry "GER"]
[EventRounds "7"]
[EventType "team-swiss"]
[EventDate "2022.12.26"]

1. Nf3 Nf6 {[%clk 1:31:19]} 2. g3 {[%clk 1:30:36]} g6 3. Bg2 Bg7 {[%clk
1:31:45]} 4. O-O {[%clk 1:31:25]} O-O 5. d3 {[%clk 1:30:17]} d6 {[%clk
1:31:59]} 6. e4 {[%clk 1:29:10]} e5 {[%clk 1:32:24]} 7. Nbd2 {[%clk 1:26:28]}
Nc6 {[%clk 1:32:37]} 8. c3 {[%clk 1:26:22]} Nd7 {[%clk 1:27:49]} 9. Re1 {[%clk
1:25:22]} Re8 {[%clk 1:18:23]} 10. Nf1 {[%clk 1:25:18]} Nc5 {[%clk 1:17:18]}
11. Be3 {[%clk 1:11:44]} Bg4 {[%clk 1:05:50]} 12. b4 {[%clk 1:02:57]} Ne6
{[%clk 0:59:07]} 13. Qb3 {[%clk 1:00:42]} Bxf3 {[%clk 0:55:32]} 14. Bxf3 {[%clk
1:00:58]} Qf6 {[%clk 0:50:48]} 15. Bg2 {[%clk 0:49:21]} g5 {[%clk 0:45:27]} 16.
Bd2 {[%clk 0:43:33]} Ne7 {[%clk 0:40:33]} 17. Ne3 {[%clk 0:39:03]} c6 {[%clk
0:37:09]} 18. a4 {[%clk 0:24:59]} h5 {[%clk 0:28:15]} 19. h3 {[%clk 0:17:59]}
Qg6 {[%clk 0:26:13]} 20. Qa2 {[%clk 0:13:17]} f5 {[%clk 0:25:14]} 21. exf5
{[%clk 0:13:04]} Nxf5 {[%clk 0:24:01]} 22. Be4 {[%clk 0:13:22]} d5 {[%clk
0:23:27]} 23. Bxf5 {[%clk 0:13:14]} Qf6 {[%clk 0:23:42]} 24. Bxe6 {[%clk
0:12:58]} Rxe6 {[%clk 0:24:02]} 25. Bc1 {[%clk 0:07:49]} h4 {[%clk 0:20:06]}
26. Qe2 {[%clk 0:07:30]} d4 {[%clk 0:18:44]} 27. Ng4 {[%clk 0:06:35]} Qd8
{[%clk 0:18:38]} 28. c4 {[%clk 0:06:44]} e4 {[%clk 0:18:23]} 29. Ra2 {[%clk
0:05:32]} Qd6 {[%clk 0:17:47]} 30. c5 {[%clk 0:04:52]} Qe7 {[%clk 0:17:02]} 31.
dxe4 {[%clk 0:04:33]} Rd8 {[%clk 0:16:22]} 32. Qd3 {[%clk 0:04:37]} b6 {[%clk
0:15:16]} 33. cxb6 {[%clk 0:04:03]} axb6 {[%clk 0:15:38]} 34. Bd2 {[%clk
0:04:08]} c5 {[%clk 0:15:15]} 35. a5 {[%clk 0:02:13]} cxb4 {[%clk 0:14:04]} 36.
a6 {[%clk 0:02:16]} Ra8 {[%clk 0:14:12]} 37. Qc4 {[%clk 0:01:50]} Kh8 {[%clk
0:13:55]} 38. Bxb4 {[%clk 0:01:40]} Qd7 {[%clk 0:13:57]} 39. a7 {[%clk
0:00:36]} d3 {[%clk 0:13:24]} 40. Qd5 {[%clk 0:00:31]} 1-0

[Event "DVM U16 2022"]
[Site "Darmstadt GER"]
[Date "2022.12.28"]
[Round "3"]
[White "Klein, Maxim"]
[Black "Gotfried, Elias"]
[Result "1-0"]
[Termination "normal"]
[Board "9.2"]
[WhiteElo "1345"]
[BlackElo "1172"]
[WhiteTeam "FC Ergolding 1932 e.V."]
[BlackTeam "Stuttgarter SF 1879"]
[PlyCount "120"]
[WhiteFideId "16281632"]
[BlackFideId "34630171"]
[EventCountry "GER"]
[EventRounds "7"]
[EventType "team-swiss"]
[EventDate "2022.12.26"]

1. d4 Nf6 2. Nc3 d5 3. Bf4 c5 4. e3 cxd4 5. exd4 a6 6. h3 Nc6 7. Qd2 e6 8. g4
Bb4 9. f3 Nd7 10. O-O-O Nb6 11. a3 Be7 12. h4 Na5 13. Kb1 Nbc4 14. Bxc4 Nxc4
15. Qc1 Qb6 16. Ka2 Qa5 17. Nb1 b5 18. b3 Nd6 19. Bd2 Qb6 20. Bb4 a5 21. Bc5
Qa6 22. Re1 Bd7 23. Nd2 Nc8 24. Bxe7 Nxe7 25. f4 b4 26. a4 O-O-O 27. Ngf3 Nc6
28. Qb2 Kb7 29. Ne5 Nxe5 30. fxe5 Qc6 31. Rc1 Rc8 32. Rh3 Rc7 33. c4 Rhc8 34.
Rf3 Be8 35. c5 Qd7 36. Nf1 Qe7 37. Qh2 Bc6 38. Ng3 f6 39. exf6 gxf6 40. Nh5 e5
41. Re1 e4 42. Rxf6 Qd7 43. Qe2 Rg8 44. g5 Qh3 45. Ref1 Qd7 46. Rd6 Qe7 47. Nf6
Rd8 48. Rxc6 Rxc6 49. Qb5 Kc7 50. Rf5 e3 51. Nxd5 Rxd5 52. Rxd5 Qf7 53. Qxa5
Kb7 54. Qxb4 Kc7 55. Qa5 Kb7 56. Rd8 Ra6 57. Qb5 Kc7 58. Qb8 Kc6 59. Qd6 Kb7
60. Rd7 Qxd7 1-0

[Event "DVM U16 2022"]
[Site "Darmstadt GER"]
[Date "2022.12.28"]
[Round "3"]
[White "Sökler, Jakob"]
[Black "Huber, Laura"]
[Result "1/2-1/2"]
[Termination "normal"]
[Board "9.3"]
[WhiteElo "1585"]
[BlackElo "1357"]
[WhiteClock "00:10:43"]
[BlackClock "00:01:39"]
[WhiteTeam "Stuttgarter SF 1879"]
[BlackTeam "FC Ergolding 1932 e.V."]
[PlyCount "75"]
[WhiteFideId "34630350"]
[BlackFideId "16270940"]
[EventCountry "GER"]
[EventRounds "7"]
[EventType "team-swiss"]
[EventDate "2022.12.26"]

1. d4 {[%clk 1:30:57]} d5 {[%clk 1:30:52]} 2. c4 {[%clk 1:31:21]} e6 {[%clk
1:31:04]} 3. Nc3 {[%clk 1:31:45]} Nf6 {[%clk 1:31:20]} 4. cxd5 {[%clk 1:32:06]}
exd5 {[%clk 1:30:10]} 5. Bg5 {[%clk 1:32:26]} c6 {[%clk 1:26:50]} 6. e3 {[%clk
1:32:37]} Bf5 {[%clk 1:26:08]} 7. Qf3 {[%clk 1:30:58]} Bg6 {[%clk 1:19:57]} 8.
Bxf6 {[%clk 1:31:16]} Qxf6 {[%clk 1:19:31]} 9. Qxf6 {[%clk 1:31:38]} gxf6
{[%clk 1:19:56]} 10. h4 {[%clk 1:31:50]} h6 {[%clk 1:16:43]} 11. Nh3 {[%clk
1:28:42]} Rg8 {[%clk 1:15:08]} 12. Nf4 {[%clk 1:25:50]} Nd7 {[%clk 1:09:49]}
13. g3 {[%clk 1:17:48]} Bf5 {[%clk 1:05:00]} 14. Bd3 {[%clk 1:14:35]} Bxd3
{[%clk 1:04:27]} 15. Nxd3 {[%clk 1:14:52]} O-O-O {[%clk 1:01:02]} 16. Ke2
{[%clk 1:11:19]} Re8 {[%clk 0:59:22]} 17. Rac1 {[%clk 1:06:37]} Kb8 {[%clk
0:59:36]} 18. Na4 {[%clk 1:03:24]} Bd6 {[%clk 0:58:13]} 19. Nac5 {[%clk
0:55:16]} Nxc5 {[%clk 0:50:42]} 20. Nxc5 {[%clk 0:55:22]} Kc7 {[%clk 0:40:27]}
21. b4 {[%clk 0:50:59]} a6 {[%clk 0:33:21]} 22. Nd3 {[%clk 0:44:34]} Rg4 {[%clk
0:26:04]} 23. a4 {[%clk 0:40:46]} Rxd4 {[%clk 0:23:56]} 24. Rb1 {[%clk
0:27:13]} Rde4 {[%clk 0:20:21]} 25. Rhc1 {[%clk 0:23:21]} d4 {[%clk 0:18:50]}
26. Nc5 {[%clk 0:18:39]} Bxc5 {[%clk 0:15:48]} 27. Rxc5 {[%clk 0:18:53]} dxe3
{[%clk 0:15:59]} 28. fxe3 {[%clk 0:18:57]} Rxe3 {[%clk 0:16:14]} 29. Kf2 {[%clk
0:19:09]} R3e5 {[%clk 0:15:37]} 30. Kg2 {[%clk 0:15:56]} Rxc5 {[%clk 0:13:26]}
31. bxc5 {[%clk 0:16:11]} f5 {[%clk 0:10:35]} 32. Rd1 {[%clk 0:14:19]} Re5
{[%clk 0:09:28]} 33. Rd6 {[%clk 0:14:29]} Re6 {[%clk 0:09:09]} 34. Rd4 {[%clk
0:14:25]} a5 {[%clk 0:06:56]} 35. Kf3 {[%clk 0:13:45]} b6 {[%clk 0:03:24]} 36.
cxb6 {[%clk 0:11:40]} Kxb6 {[%clk 0:03:54]} 37. Kf4 {[%clk 0:11:02]} Kc5 {[%clk
0:01:39]} 38. Rd7 {[%clk 0:10:43]} 1/2-1/2

[Event "DVM U16 2022"]
[Site "Darmstadt GER"]
[Date "2022.12.28"]
[Round "3"]
[White "Paringer, Jakob"]
[Black "Nuñez Grégoire, Daniel"]
[Result "0-1"]
[Termination "normal"]
[Board "9.4"]
[WhiteElo "1298"]
[BlackElo "1650"]
[WhiteClock "00:22:43"]
[BlackClock "01:43:58"]
[WhiteTeam "FC Ergolding 1932 e.V."]
[BlackTeam "Stuttgarter SF 1879"]
[PlyCount "120"]
[WhiteFideId "34605134"]
[BlackFideId "34627103"]
[EventCountry "GER"]
[EventRounds "7"]
[EventType "team-swiss"]
[EventDate "2022.12.26"]

1. e4 {[%clk 1:30:59]} e5 {[%clk 1:30:55]} 2. Nc3 {[%clk 1:31:09]} Nf6 {[%clk
1:31:01]} 3. f4 {[%clk 1:31:09]} d6 {[%clk 1:31:07]} 4. Nf3 {[%clk 1:31:04]}
Nc6 {[%clk 1:31:15]} 5. Bb5 {[%clk 1:30:11]} exf4 {[%clk 1:30:55]} 6. d4 {[%clk
1:29:22]} Bd7 {[%clk 1:31:07]} 7. Bxf4 a6 {[%clk 1:30:21]} 8. Bd3 {[%clk
1:25:37]} Bg4 {[%clk 1:29:40]} 9. Be3 {[%clk 1:23:25]} Be7 {[%clk 1:29:43]} 10.
O-O {[%clk 1:22:48]} O-O {[%clk 1:29:40]} 11. Ne2 {[%clk 1:20:52]} Nb4 {[%clk
1:29:41]} 12. Nf4 {[%clk 1:17:32]} Nxd3 {[%clk 1:29:57]} 13. Qxd3 Bd7 {[%clk
1:28:01]} 14. Nd2 {[%clk 1:12:44]} Ng4 15. Nd5 {[%clk 1:08:53]} Nxe3 {[%clk
1:28:02]} 16. Nxe7 {[%clk 1:08:47]} Qxe7 {[%clk 1:28:21]} 17. Qxe3 {[%clk
1:09:01]} f5 18. c3 {[%clk 1:06:41]} fxe4 {[%clk 1:28:15]} 19. Qxe4 {[%clk
1:06:16]} Qxe4 {[%clk 1:27:56]} 20. Nxe4 {[%clk 1:06:41]} Rfe8 {[%clk 1:27:43]}
21. Ng3 {[%clk 1:05:39]} Re3 {[%clk 1:26:57]} 22. Rae1 {[%clk 1:04:14]} Rae8
{[%clk 1:26:39]} 23. Kf2 {[%clk 1:01:39]} Rd3 {[%clk 1:25:41]} 24. Rxe8 {[%clk
0:57:43]} Bxe8 {[%clk 1:26:01]} 25. Re1 Kf8 {[%clk 1:23:11]} 26. Re3 {[%clk
0:47:49]} Rd1 {[%clk 1:21:07]} 27. Re1 {[%clk 0:47:05]} Rxe1 {[%clk 1:21:23]}
28. Kxe1 {[%clk 0:47:24]} Bg6 {[%clk 1:21:40]} 29. Kf2 {[%clk 0:45:21]} Ke7
{[%clk 1:21:51]} 30. Ne2 {[%clk 0:44:03]} Bf7 {[%clk 1:22:03]} 31. a3 {[%clk
0:41:31]} Kf6 {[%clk 1:22:02]} 32. Ke3 {[%clk 0:37:46]} g5 {[%clk 1:21:35]} 33.
Ng3 {[%clk 0:34:20]} d5 {[%clk 1:21:16]} 34. Kf3 {[%clk 0:33:29]} h5 {[%clk
1:21:04]} 35. h3 {[%clk 0:32:16]} Bg6 {[%clk 1:19:42]} 36. Ke3 {[%clk 0:28:44]}
Ke6 {[%clk 1:17:41]} 37. Ne2 {[%clk 0:20:54]} Kd6 {[%clk 1:16:48]} 38. g3
{[%clk 0:18:41]} Kc6 {[%clk 1:14:58]} 39. h4 {[%clk 0:18:34]} gxh4 {[%clk
1:14:19]} 40. gxh4 {[%clk 0:18:49]} Kb5 {[%clk 1:14:34]} 41. Nf4 {[%clk
0:18:30]} Bf7 {[%clk 1:14:54]} 42. b3 {[%clk 0:18:14]} a5 {[%clk 1:14:35]} 43.
a4 {[%clk 0:17:48]} Kc6 {[%clk 1:12:28]} 44. Nd3 {[%clk 0:14:49]} Kd6 {[%clk
1:12:08]} 45. Kf4 {[%clk 0:14:19]} Bg6 {[%clk 1:12:00]} 46. Nc1 {[%clk
0:11:25]} Bc2 {[%clk 1:12:10]} 47. Kg5 {[%clk 0:11:24]} Bd1 {[%clk 1:12:12]}
48. Kf6 {[%clk 0:10:35]} c5 {[%clk 1:12:13]} 49. dxc5 {[%clk 0:02:30]} Kxc5
{[%clk 1:12:26]} 50. Ke5 {[%clk 0:02:41]} Bc2 {[%clk 1:12:20]} 51. Kf4 {[%clk
0:00:33]} d4 {[%clk 1:42:01]} 52. cxd4 {[%clk 0:28:14]} Kxd4 {[%clk 1:42:19]}
53. Kg5 {[%clk 0:26:02]} Bd1 54. Kg6 {[%clk 0:24:31]} Kc3 {[%clk 1:42:27]} 55.
Kg5 {[%clk 0:22:34]} Kd2 {[%clk 1:42:36]} 56. Na2 {[%clk 0:22:05]} Bxb3 {[%clk
1:42:52]} 57. Kxh5 {[%clk 0:22:10]} Bxa2 {[%clk 1:43:11]} 58. Kg5 {[%clk
0:22:23]} Bb3 {[%clk 1:43:20]} 59. h5 {[%clk 0:22:27]} Bxa4 {[%clk 1:43:40]}
60. h6 {[%clk 0:22:43]} Bc2 {[%clk 1:43:58]} 0-1

[Event "DVM U16 2022"]
[Site "Darmstadt GER"]
[Date "2022.12.28"]
[Round "3"]
[White "Uhlmann, Tim"]
[Black "Eichhorn, Valentin"]
[Result "1-0"]
[Termination "normal"]
[Board "10.1"]
[WhiteElo "1745"]
[BlackElo "1566"]
[WhiteClock "00:18:12"]
[BlackClock "00:04:24"]
[WhiteTeam "SF Neureut 1953 e.V."]
[BlackTeam "Karlsruher SF 1853"]
[PlyCount "119"]
[WhiteFideId "16239210"]
[BlackFideId "16239032"]
[EventCountry "GER"]
[EventRounds "7"]
[EventType "team-swiss"]
[EventDate "2022.12.26"]

1. e4 {[%clk 1:30:51]} c5 {[%clk 1:30:47]} 2. Nf3 {[%clk 1:31:12]} e6 {[%clk
1:31:01]} 3. c4 {[%clk 1:31:13]} Nc6 {[%clk 1:30:33]} 4. Nc3 {[%clk 1:31:02]}
Nf6 {[%clk 1:30:06]} 5. Be2 {[%clk 1:31:24]} Be7 {[%clk 1:28:16]} 6. O-O {[%clk
1:30:20]} O-O {[%clk 1:28:32]} 7. d4 {[%clk 1:30:41]} cxd4 {[%clk 1:11:51]} 8.
Nxd4 {[%clk 1:30:59]} Bc5 {[%clk 1:11:09]} 9. Be3 {[%clk 1:28:26]} Bb4 {[%clk
1:05:46]} 10. Qc2 {[%clk 1:20:30]} e5 {[%clk 1:03:58]} 11. Nb3 {[%clk 1:18:46]}
d6 {[%clk 1:01:59]} 12. f3 {[%clk 1:14:51]} b6 {[%clk 0:58:16]} 13. Rfd1 {[%clk
1:11:49]} Qe7 {[%clk 0:52:45]} 14. Kh1 {[%clk 1:08:08]} Bc5 {[%clk 0:43:14]}
15. Bg5 {[%clk 1:05:13]} Be6 {[%clk 0:40:09]} 16. Nd5 {[%clk 1:00:08]} Bxd5
{[%clk 0:39:21]} 17. cxd5 {[%clk 1:00:32]} Nd4 {[%clk 0:36:43]} 18. Nxd4 {[%clk
1:00:52]} Bxd4 {[%clk 0:37:00]} 19. Rac1 {[%clk 0:56:05]} a5 {[%clk 0:36:05]}
20. Bb5 {[%clk 0:45:59]} h6 {[%clk 0:33:44]} 21. Bh4 {[%clk 0:42:40]} Be3
{[%clk 0:28:34]} 22. Ra1 {[%clk 0:40:33]} Rfc8 {[%clk 0:26:40]} 23. Bc6 {[%clk
0:39:23]} Ra7 {[%clk 0:24:08]} 24. Rd3 {[%clk 0:33:57]} Bc5 {[%clk 0:21:03]}
25. Bf2 {[%clk 0:25:33]} Rb8 {[%clk 0:20:20]} 26. Rb3 {[%clk 0:24:37]} Qc7
{[%clk 0:18:05]} 27. a4 {[%clk 0:22:07]} Nd7 {[%clk 0:12:39]} 28. Bxd7 {[%clk
0:12:05]} Qxd7 {[%clk 0:12:23]} 29. Bxc5 {[%clk 0:10:47]} dxc5 {[%clk 0:12:30]}
30. Rb5 {[%clk 0:09:18]} Qd6 {[%clk 0:11:22]} 31. Rd1 {[%clk 0:07:51]} Rd7
{[%clk 0:09:45]} 32. Qc4 {[%clk 0:05:05]} Rdd8 {[%clk 0:06:29]} 33. Rb3 {[%clk
0:04:41]} Rdc8 {[%clk 0:05:52]} 34. Re3 {[%clk 0:03:37]} g5 {[%clk 0:03:09]}
35. g3 {[%clk 0:03:12]} Kh7 {[%clk 0:02:54]} 36. f4 {[%clk 0:02:07]} f6 {[%clk
0:03:15]} 37. fxg5 {[%clk 0:01:46]} fxg5 {[%clk 0:03:40]} 38. Rf3 {[%clk
0:01:30]} Rf8 {[%clk 0:04:04]} 39. Rdf1 {[%clk 0:01:50]} Rxf3 {[%clk 0:03:58]}
40. Rxf3 {[%clk 0:02:12]} Rf8 {[%clk 0:04:04]} 41. Qf1 {[%clk 0:02:34]} Rxf3
{[%clk 0:23:57]} 42. Qxf3 {[%clk 0:32:56]} Kg7 {[%clk 0:24:22]} 43. Qf5 {[%clk
0:32:46]} Qf6 {[%clk 0:22:20]} 44. Qxf6 {[%clk 0:24:47]} Kxf6 {[%clk 0:22:42]}
45. Kg2 {[%clk 0:25:12]} Ke7 {[%clk 0:22:29]} 46. Kf2 {[%clk 0:25:35]} c4
{[%clk 0:13:05]} 47. Ke2 {[%clk 0:25:32]} g4 {[%clk 0:10:30]} 48. Kd2 {[%clk
0:25:37]} Kd6 {[%clk 0:10:55]} 49. Kc2 {[%clk 0:22:28]} Kc5 {[%clk 0:09:46]}
50. Kc3 {[%clk 0:22:43]} h5 {[%clk 0:05:39]} 51. b3 {[%clk 0:15:48]} cxb3
{[%clk 0:05:34]} 52. Kxb3 {[%clk 0:16:13]} b5 {[%clk 0:05:46]} 53. axb5 {[%clk
0:16:26]} Kxb5 {[%clk 0:06:11]} 54. Ka3 {[%clk 0:16:39]} a4 {[%clk 0:04:51]}
55. d6 {[%clk 0:16:51]} Kc6 {[%clk 0:04:43]} 56. Kxa4 {[%clk 0:17:16]} Kxd6
{[%clk 0:05:04]} 57. Kb5 {[%clk 0:17:41]} Ke6 {[%clk 0:04:58]} 58. Kc6 {[%clk
0:17:49]} Kf6 {[%clk 0:04:02]} 59. Kd6 {[%clk 0:18:02]} h4 {[%clk 0:04:24]} 60.
Kd5 {[%clk 0:18:12]} 1-0

[Event "DVM U16 2022"]
[Site "Darmstadt GER"]
[Date "2022.12.28"]
[Round "3"]
[White "Hoffmann, Alexander"]
[Black "Scheinmaier, Mark"]
[Result "0-1"]
[Termination "normal"]
[Board "10.2"]
[WhiteElo "1635"]
[BlackElo "1557"]
[WhiteClock "00:01:53"]
[BlackClock "00:10:08"]
[WhiteTeam "Karlsruher SF 1853"]
[BlackTeam "SF Neureut 1953 e.V."]
[PlyCount "78"]
[WhiteFideId "16240219"]
[BlackFideId "16238958"]
[EventCountry "GER"]
[EventRounds "7"]
[EventType "team-swiss"]
[EventDate "2022.12.26"]

1. c4 {[%clk 1:30:57]} e5 {[%clk 1:30:35]} 2. g3 {[%clk 1:31:23]} h5 {[%clk
1:31:00]} 3. h4 {[%clk 1:25:46]} Nc6 {[%clk 1:31:17]} 4. Bg2 {[%clk 1:25:30]}
Bc5 {[%clk 1:31:31]} 5. e3 {[%clk 1:25:06]} d6 {[%clk 1:30:50]} 6. Nc3 {[%clk
1:22:03]} Nf6 {[%clk 1:30:44]} 7. b3 {[%clk 1:05:38]} Bf5 {[%clk 1:27:48]} 8.
a3 {[%clk 0:53:42]} a5 {[%clk 1:26:37]} 9. Bb2 {[%clk 0:53:04]} Qe7 {[%clk
1:19:26]} 10. d3 {[%clk 0:47:32]} Bb6 {[%clk 1:09:19]} 11. Qd2 {[%clk 0:42:43]}
Rd8 {[%clk 1:04:15]} 12. Nd5 {[%clk 0:40:08]} Nxd5 {[%clk 1:02:26]} 13. Bxd5
{[%clk 0:40:07]} Be6 {[%clk 0:58:19]} 14. Bxe6 {[%clk 0:38:24]} Qxe6 {[%clk
0:57:52]} 15. Rc1 {[%clk 0:28:32]} Bc5 {[%clk 0:49:27]} 16. Ne2 {[%clk
0:22:45]} d5 {[%clk 0:46:04]} 17. Nc3 {[%clk 0:18:51]} dxc4 {[%clk 0:35:41]}
18. bxc4 {[%clk 0:18:40]} O-O {[%clk 0:31:37]} 19. Nd5 {[%clk 0:15:26]} Qd6
{[%clk 0:30:24]} 20. Ke2 {[%clk 0:12:32]} Rd7 {[%clk 0:28:01]} 21. Qc3 {[%clk
0:10:14]} Re8 {[%clk 0:26:36]} 22. Rcd1 {[%clk 0:10:15]} b6 {[%clk 0:26:11]}
23. Rd2 {[%clk 0:09:10]} f5 {[%clk 0:22:31]} 24. Rhd1 {[%clk 0:06:22]} Bd4
{[%clk 0:21:21]} 25. Qb3 {[%clk 0:06:01]} Bxb2 {[%clk 0:21:44]} 26. Qxb2 {[%clk
0:06:22]} f4 {[%clk 0:20:01]} 27. Kf1 {[%clk 0:06:11]} Qe6 {[%clk 0:17:04]} 28.
Kg2 {[%clk 0:05:04]} Rf7 {[%clk 0:14:01]} 29. exf4 {[%clk 0:04:16]} exf4 {[%clk
0:13:53]} 30. Nxf4 {[%clk 0:03:35]} Rxf4 {[%clk 0:13:40]} 31. gxf4 {[%clk
0:03:39]} Qg4 {[%clk 0:14:04]} 32. Kf1 {[%clk 0:02:36]} Qf3 {[%clk 0:12:05]}
33. Kg1 {[%clk 0:02:26]} Re6 {[%clk 0:11:40]} 34. Kh2 {[%clk 0:02:15]} Qxf4
{[%clk 0:11:36]} 35. Kg2 {[%clk 0:01:28]} Qg4 {[%clk 0:11:48]} 36. Kh2 {[%clk
0:01:22]} Qxh4 {[%clk 0:11:12]} 37. Kg2 {[%clk 0:01:51]} Rg6 {[%clk 0:09:47]}
38. Kf1 {[%clk 0:01:27]} Qh1 {[%clk 0:09:58]} 39. Ke2 {[%clk 0:01:53]} Re6
{[%clk 0:10:08]} 0-1